Score 0/20 Timer 05:00
3 Plays Today
Artist Missing Word % Correct
Luke CombsPours
94%
Thomas RhettBurn
84.8%
Luke CombsBest
83.9%
Kelsea BalleriniMean
80.8%
Carly PearceLittle
68.5%
Carly PearceHappy
64.2%
Kelsea BalleriniPan
60.1%
Thomas RhettHer
57.4%
Thomas RhettStar
52.9%
Luke CombsBeer
52.3%
Artist Missing Word % Correct
Thomas RhettDie
51%
Kelsea BalleriniSongs
45.1%
Luke CombsCrazy
41.2%
Carly PearceWine
37.7%
Kelsea BalleriniMiss
36.4%
Luke CombsNumber
35.5%
Thomas RhettChanges
35%
Kelsea BalleriniBoy
30.9%
Carly PearceName
21.3%
Carly PearceCloser
13.8%

Today's Daily Dose

You're not logged in!

Compare scores with friends on all Sporcle quizzes.
OR
Log In

Sporcle TV

Today on Sporcle TV


Watch our educational content, quiz creation guides, and fun videos on Sporcle TV.

Show Comments

Extras

Top Quizzes Today


Score Distribution

Paid Content

Your Account Isn't Verified!

In order to create a playlist on Sporcle, you need to verify the email address you used during registration. Go to your Sporcle Settings to finish the process.

Report this User

Report this user for behavior that violates our Community Guidelines.

Details: